000 00755nam a2200241 i 4500
001 bg
100 1 _aZuffi, Stefano
_d(1961-).
245 0 _aRembrandt /
_c[tekst Stefano Zuffi, tł. Tamara Łozińska].
260 _aWarszawa :
_bRzeczpospolita ;
_bHPS,
_c2006.
300 _a140, [3] s. :
_bil. ;
_c26 cm.
490 1 _aKlasycy Sztuki ;
_v3
600 0 _aRembrandt, Harmenszoon van Rijn
_d(1606-1669)
_xtwórczość
650 0 _aMalarstwo holenderskie
_xhistoria
_y17 w.
700 1 9 _aŁozińska, Tamara
_eTł.
830 _aKlasycy Sztuki ;
020 _a9788360529027
040 _cBPK
041 1 _apol
_hita
080 _a75.071(492)"16"(084.11)A/Z
920 _a978-83-60529-02-7
942 _cKS
008 s pl f |000 0 pol
999 _c53723
_d53723
856 _uhttp://koha.tu.koszalin.pl/cgi-bin/koha/opac-detail.pl?biblionumber=53723
_yKatalog online BPK